Indian Nationalism Verses Hindu Nationalism (Record no. 20158)

MARC details
000 -LEADER
fixed length control field 00319nam a22001337a 4500
020 ## - INTERNATIONAL STANDARD BOOK NUMBER
ISBN 139788172210779
082 ## - DEWEY DECIMAL CLASSIFICATION NUMBER
Classification number 324.245408 PUN
100 ## - MAIN ENTRY--AUTHOR NAME
Author name Puniyani, Ram
245 ## - TITLE STATEMENT
Title Indian Nationalism Verses Hindu Nationalism
260 ## - PUBLICATION, DISTRIBUTION, ETC. (IMPRINT)
Place of publication New Delhi
Name of publisher Pharos Media
Year of publication 2016
300 ## - PHYSICAL DESCRIPTION
Number of Pages 235
650 ## - SUBJECT ADDED ENTRY--TOPICAL TERM
Topical Term Hindutva
942 ## - ADDED ENTRY ELEMENTS (KOHA)
Koha item type Books
Holdings
Home library Current library Date acquired Source of acquisition Full call number Accession Number Koha item type
Henry Martyn Institute Library Henry Martyn Institute Library 09/22/2016 Rev. Dr Packiam T.Samual 324.245408 PUN 11-3427 Books
                   Copyright © 2026 | Henry Martyn Institute | Hyderabad | TS-500052 | INDIA | Implemented by hmi.edu.in
Hit-Count:

Powered by Koha